000 00943cam a2200217 4500
001 WB4005-12
008 040203n2004 000 0 eng u
035 _a(Sirsi) u124998
245 _aMixed tenure agreements report
260 _c2004
490 _aInside Housing
_v 30 January 2004, 4(1)
520 _a"Mixed tenure agreements: a reivew of partnership models" from the Joseph Rowntree Foundation, reviews Section 106 and Joint Venture development agreements for mixed tenure communities. The report provides detailed evaluation on a number of different agreements, together with a number of policy suggestions. This is available free of charge from the foundation. http://www.jrf.org.uk/bookshop/details.asp?pubID=5 82
590 _aWB
590 _aWB
650 _aSECTION 106 AGREEMENTS
650 _aJOINT VENTURE DEVELOPMENTS
650 _aMIXED TENURE
650 _aSOCIAL HOUSING
690 _aPLANNING
942 _n0
999 _c116984
_d116984